| 000 | 01362nam a22003255a 4500 | ||
|---|---|---|---|
| 008 | 090106s2012enk a frb0 1 0 1ng d | ||
| 020 | _a027375257X | ||
| 020 | _a9780273752578 | ||
| 040 |
_aEG-ScBUE _beng _cEG-ScBUE |
||
| 082 | 0 | 4 |
_a658.049 _bWIL _222 |
| 100 | 1 |
_aWild, John J. _94506 |
|
| 245 | 1 | 0 |
_aInternational Business : _bThe Challenges of Globalization / _cJohn J. Wild, Kenneth L. Wild, Jerry C.Y. Han. |
| 250 |
_a6th ed. _bGlobal Edition |
||
| 260 |
_aHarlow : _bPearson Education Ltd., _cc.2012. |
||
| 300 |
_a480 p. : _bcol. ill., maps ; _c28 cm. |
||
| 500 | _aGlossary : p. 451-458. | ||
| 500 | _aIncludes indexes. | ||
| 504 | _aIncludes bibliographical references : p. 459-466. | ||
| 505 | 0 | _aGlobal business environments -- National Business Environments -- International trade and investment --The international financial system --International business management . | |
| 590 | _aMenna elemam | ||
| 650 | 0 |
_aInternational business enterprises _xManagement. _94507 _2BUEsh |
|
| 650 | 0 |
_aInternational trade. _94508 _2BUEsh |
|
| 651 | _2BUEsh | ||
| 653 |
_bBUSADM _cAugust2015 |
||
| 700 | 1 |
_aWild, Kenneth L. _94509 |
|
| 700 | 1 |
_aHan, Jerry C. Y. _94510 |
|
| 856 | 4 | 1 |
_3Table of contents only _uhttp://www.loc.gov/catdir/toc/ecip074/2006037228.html |
| 541 | _aBacca ; | ||
| 942 |
_cBB _k658.049 WIL _2ddc |
||
| 999 |
_c16453 _d16453 |
||